Score 0/16 Timer 08:00
9 Plays Today
Question Answer Wrong Answers
Puzzle
Which of these is an example of a Sudoku puzzle?
Sudoku
97.2%
Crossword
0.4%
Kenken
0.5%
Rebus/Word Game
0.2%
Missing Word
Which profession is missing from these song, book, and movie titles: '_____ Feelgood, '_____ Zhivago,' and '_____ Dolittle?'
Doctor
94.4%
Teacher
1.2%
Bishop
1.7%
Admiral
1.1%
Follow That Line
Which chemical element completes the joke 'I'd tell you a good chemistry joke, but all the good ones...'
Argon
85.9%
Copper
4.3%
Arsenic
6.2%
Carbon
2.6%
Blitz
Which of these sports uses the word 'blitz' as part of its terminology?
Football
84.2%
Baseball
6.8%
Golf
3.2%
Basketball
5.6%
Word Play
Which of these celebrities has an aptronym (a name that is particularly suited to them)?
Usain Bolt
83.6%
George Bush
2.1%
Lionel Messi
4.1%
Oprah Winfrey
7.7%
Mixed Word
Which of these fruits can be anagrammed into a different fruit?
Lemon
82.8%
Lime
5.7%
Apple
5.4%
Banana
4.5%
Minefield
Which classic Windows game has been remade into an online multiplayer game called 'Minefield?'
Minesweeper
82.5%
Kaboom
2.8%
Bomberman
9.9%
Chip's Challenge
3.4%
Clickable
Which of these characters is a male?
Ferdinand
80.8%
Maggie
5.7%
Cow (& Chicken)
12.2%
Clarabelle
0.9%
Quick Pick
Which logo was used for published Quick Pick quizzes on Sporcle until 2019?
Quick Pick
77.8%
Word Ladder
11.5%
On This Day
6.4%
Missing Word
2.4%
Typing
Which of these images represents a word that can be typed using just the top row of a standard QWERTY keyboard?
Typewriter
75.3%
River
7%
Window
3.9%
Queen
11.7%
This or That
Which of these images is also the title of a popular song by The Pointer Sisters, Van Halen, and Kris Kross?
Jump
69.5%
Panama
6.9%
Fire
15.9%
Money
5.6%
Word Ladder
Which of these images represents a valid rung between 'BIRD' and 'BAND?'
BARD
62.4%
BALD
11.4%
HAND
7.8%
BOND
15.9%
Logic
Which of these objects represents a famous logical thought process named for William of Ockham?
Razor
61.9%
Brush
6.8%
Lamp
16.6%
Sword
13.4%
Color
Which of these base colors includes shades known as carmine, madder, and vermilion?
Red
61.3%
Blue
8.3%
Green
17.9%
Yellow
11.9%
Alphabet
Which of these images features portions of the Cyrillic alphabet?
Cyrillic
49.2%
Latin
5.3%
Greek
18.6%
Armenian
26.7%
Sporcle
Which of these badges represents the Crazy Ivan?
1
21.5%
Loco Logos
64.8%
Badgenov
8.5%
Fun Supply
3.3%
Remove Ads.
Support Sporcle.
Get the best of Sporcle when you Go Orange. This ad-free experience offers more features, more stats, and more fun while also helping to support Sporcle. Thank you for becoming a member.

You're not logged in!

Compare scores with friends on all Sporcle quizzes.
OR
Log In

Show Comments

Extras

Top Quizzes Today


Score Distribution

Your Account Isn't Verified!

In order to create a playlist on Sporcle, you need to verify the email address you used during registration. Go to your Sporcle Settings to finish the process.

Report this User

Report this user for behavior that violates our Community Guidelines.

Details: